Musibah / (Record no. 47343)

MARC details
000 -LEADER
fixed length control field 00762nam a2200265 i 4500
001 - CONTROL NUMBER
control field C2-0150079
003 - CONTROL NUMBER IDENTIFIER
control field PPAK
005 - DATE AND TIME OF LATEST TRANSACTION
control field 20210627121649.0
008 - FIXED-LENGTH DATA ELEMENTS--GENERAL INFORMATION
fixed length control field 980325s1996 my a j | 0 may d
020 ## - INTERNATIONAL STANDARD BOOK NUMBER
International Standard Book Number 9839791982
Qualifying information paperback
040 ## - CATALOGING SOURCE
Original cataloging agency PPAK
Language of cataloging eng
Transcribing agency PPAK
Description conventions rda
082 04 - DEWEY DECIMAL CLASSIFICATION NUMBER
Classification number 297
Edition number 23
090 00 - LOCALLY ASSIGNED LC-TYPE CALL NUMBER (OCLC); LOCAL CALL NUMBER (RLIN)
Classification number (OCLC) (R) ; Classification number, CALL (RLIN) (NR) 297
Feature heading MUS
Feature heading K
245 00 - TITLE STATEMENT
Title Musibah /
Statement of responsibility, etc. Penyusun : Norhayuza Mohamad
264 #1 - PRODUCTION, PUBLICATION, DISTRIBUTION, MANUFACTURE, AND COPYRIGHT NOTICE
Place of production, publication, distribution, manufacture Kuala Lumpur :
Name of producer, publisher, distributor, manufacturer Gema Insan,
Date of production, publication, distribution, manufacture, or copyright notice 1996
300 ## - PHYSICAL DESCRIPTION
Extent 16 pages :
Other physical details illustrations ;
Dimensions 22 cm
336 ## - CONTENT TYPE
Source rdacontent
Content type term text
337 ## - MEDIA TYPE
Source rdamedia
Media type term unmediated
338 ## - CARRIER TYPE
Source rdacarrier
Carrier type term volume
490 1# - SERIES STATEMENT
Series statement Siri haiwan dari Al-Quran
650 10 - SUBJECT ADDED ENTRY--TOPICAL TERM
Topical term or geographic name entry element Islamic stories, Malay
700 0# - ADDED ENTRY--PERSONAL NAME
Personal name Norhayuza Mohamad,
Relator term compiler.
830 #0 - SERIES ADDED ENTRY--UNIFORM TITLE
Uniform title Siri haiwan dari Al-Quran
942 ## - ADDED ENTRY ELEMENTS (KOHA)
Koha item type Book
Source of classification or shelving scheme Dewey Decimal Classification
Holdings
Withdrawn Not for loan Current library Shelving location Date acquired Full call number Barcode Date last seen Koha item type Total Checkouts Date last checked out
    Perpustakaan Awam Sungai Petani Pinjaman Kanak-kanak 25/03/1998 K 297 MUS A00121917 08/05/2018 Book    
    Perpustakaan Awam Sungai Petani Pinjaman Kanak-kanak 25/03/1998 K 297 MUS A00121918 08/05/2018 Book    
    Perpustakaan Jitra Pinjaman Kanak-kanak 25/03/1998 K 297 MUS A00121919 08/05/2018 Book    
    Perpustakaan Jitra Pinjaman Kanak-kanak 25/03/1998 K 297 MUS A00121920 08/05/2018 Book    
    Perpustakaan Langkawi Pinjaman Kanak-kanak 25/03/1998 K 297 MUS A00121921 26/09/2024 Book 1 28/08/2024
    PD07, Kg. Jelutong, Sik Pinjaman Kanak-kanak 25/03/1998 K 297 MUS A00121936 08/05/2018 Book